000 00703cam a22002537a 4500
001 7714
003 BD-JhCC
005 20230731103454.0
008 810526|1981 ||| 000 0 eng
035 _a(BD-JhCC)7714
040 _aDLC
_cDLC
_dDLC
_dBD-JhCC
041 _aeng
050 0 0 _aMLCM 81/0935
082 _bADA 1981
_a370
100 1 _aAdams, Henry,
_d1838-1918.
245 1 4 _aThe education of Henry Adams /
_cHenry Adams.
250 _aA limited ed.
260 _aFranklin Center, Pa. :
_bFranklin Library,
_c1981, c1918.
300 _axix, 535 p. : ports. ; 24 cm.
440 4 _aThe Greatest books of the twentieth century
650 _aEducation
942 _2ddc
_cBK
999 _c7714
_d7714